The Government of the Australian States /

Spremljeno u:
Bibliografski detalji
Daljnji autori: Davis, Solomon R.
Format: Knjiga
Jezik:English
Izdano: [London] : Longmans, [1960].
Teme:
LEADER 01036cam a2200289 a 4500
001 c000277854
003 CARM
005 20211129222945.0
008 690403s1960 enkb b 001 0 eng d
015 |a GB60-19037 
019 1 |a 9568090  |z 22001383  |z 2539317  |z 26506111  |z 26941231  |5 LACONCORD2021 
035 |a (OCoLC)2485651  |5 LACONCORD2021 
040 |a VCAV  |b eng  |c VCAV  |d NNCU:A 
042 |a anuc 
043 |a u-at--- 
050 0 0 |a JQ4099.A1D3 
082 0 4 |a 342.9409 
245 0 4 |a The Government of the Australian States /  |c edited by S. R. Davis. 
260 |a [London] :  |b Longmans,  |c [1960]. 
300 |a xi, 746 p. :  |b maps (part col.) ;  |c 24 cm. 
500 |a Includes index. 
504 |a Bibliography: p. [737]-742. 
650 0 |a State governments  |z Australia. 
700 1 |a Davis, Solomon R. 
852 8 |b CARM  |h A1:AL36C0  |i C10561  |p 0459016  |f BK 
999 f f |i 9aadb744-50c1-5e45-8bdc-92e12c587234  |s 2b119ffb-c7e8-555f-a268-113091ac1253 
952 f f |p Can circulate  |a CAVAL  |b CAVAL  |c CAVAL  |d CARM 1 Store  |e C10561  |f A1:AL36C0  |h Other scheme  |i book  |m 0459016